000 01048nam a22002777a 4500
005 20121019112153.0
008 121019t xxu||||| |||| 00| 0 eng d
010 _aENG-106107
020 _a9781259025945
_c495.00
020 _a1259025942
_c495.00
035 _aEN-89640
037 _bDBAD/PUB
040 _aDPL
_bEng
082 0 0 _a621.4023
_222
100 1 _aTurns, Stephen R.
_953252
245 1 3 _aAn introduction to combustion :
_bconcepts and applications /
_cby Stephen R. Turns
250 _a3rd ed
260 _aNew Delhi
_bTata McGraw-Hill
_c2012
270 _a7 West Patel Nagar
_bNew Delhi
_e110008
300 _axvii, 732p. :
_bill.
_c24cm(pbk)
500 _aIncludes bibliographical references and index.
650 0 _aCombustion engineering.
_953253
942 _2ddc
_cEN
_h621.4023
_mTUR
999 _c71003
_d71003